| 000 | 00438nam a2200169 i 4500 | ||
|---|---|---|---|
| 001 | bg | ||
| 245 | 0 |
_aCzłowiek przeciwko sobie? : _bpraca zbiorowa / _cpod red. A. Leńkowej. |
|
| 250 | _aWyd.2 zm.i uzup. | ||
| 260 |
_aWarszawa, _c1986. |
||
| 650 | 9 | _aŚrodowisko człowieka | |
| 700 | 1 |
_aLeńkowa, Antonina. _eRed. |
|
| 040 | _cBPK | ||
| 041 | _apol | ||
| 080 | _a502.5 | ||
| 942 | _cKS | ||
| 008 | s pl f |000 0 pol | ||
| 999 |
_c23276 _d23276 |
||
| 856 |
_uhttp://koha.tu.koszalin.pl/cgi-bin/koha/opac-detail.pl?biblionumber=23276 _yKatalog online BPK |
||